Big Brain Time #4 - Statistics

General Stats
  • This quiz has been taken 2 times
  • The average score is 4 of 15
Answer Stats
Hint Answer % Correct
Alexander the Great's teacher. Aristotle
100%
Nobel Prize starting with, "P".(one of the fields of endeavor) Peace
100%
Average size of Women's Hats in inches. 22
50%
# of sets of letters on a keyboard in alphebetical order from left to right. (number) 3
50%
In the exact time of a year it is 365 days, 5 hours, __ minutes, and 46 seconds. 48
50%
According to Aristotle, what is the seat of emotions? Liver
50%
Fuel capacity of a Boeing 747 in gallons. 57285
0%
# of Square-inches in an acre.(number) 6272640
0%
What shade results when rhubarb is used as a hair dye? Blond
0%
Motto of the Salvation Army. Blood and Fire
0%
What was used to erase pencil lead before rubber was in use? Bread
0%
What magazine did JFK found before he died? George
0%
Fill in the Quote, "Horses sweat, Men Perspire, Women ____" Glow
0%
What should a horse go when told, "Gee"? Right
0%
Original name of the Girl Scouts. The Girl Guides
0%
No matching quizzes found
Score Distribution
Percent of People with Each Score
Percentile by Number Answered
Your Score History
You have not taken this quiz